| 000 | 003490000a22001090004500 | ||
|---|---|---|---|
| 090 |
_aAS _bSeriadas |
||
| 245 | 1 | 0 | _aAlgunas observaciones sobre la flora colombiana |
| 041 | 0 | _aEspañol | |
| 100 | 1 |
_aDaniel, H. _999780 |
|
| 942 | _cARTICULO | ||
| 773 | 1 |
_tRevista de la Academia Colombiana de Ciencias Exactas, Físicas y Naturales _h33-34 _q103-114 _d1953 _g9 |
|
| 999 |
_c15502 _d15502 |
||